Природные газы СССР. Вып. 17: Природные газы минераловодской группы (Запись № 13601165)

Подробности
000 -МАРКЕР
контрольное поле 01193nam2a2200229 4500
001 - ИДЕНТИФИКАТОР ЗАПИСИ
контрольное поле rc\2947831
005 - ИДЕНТИФИКАТОР ВЕРСИИ
контрольное поле 20260315060114.0
035 ## - ДРУГИЕ СИСТЕМНЫЕ НОМЕРА
Идентификатор записи (NLR Aleph) 007095758
100 ## - ДАННЫЕ ОБЩЕЙ ОБРАБОТКИ
Данные общей обработки 20110829d1933 u y0rusy50 ca
101 0# - ЯЗЫК РЕСУРСА
Язык текста, звукозаписи и т.д. русский
102 ## - СТРАНА ПУБЛИКАЦИИ ИЛИ ПРОИЗВОДСТВА
Страна публикации российская федерация
105 ## - ПОЛЕ КОДИРОВАННЫХ ДАННЫХ: ТЕКСТОВЫЕ МАТЕРИАЛЫ, МОНОГРАФИЧЕСКИЕ
Кодированные данные о монографическом текстовом документе y z |||||
200 1# - ЗАГЛАВИЕ И СВЕДЕНИЯ ОБ ОТВЕТСТВЕННОСТИ
Основное заглавие Природные газы минераловодской группы
210 ## - ПУБЛИКАЦИЯ, РАСПРОСТРАНЕНИЕ И ДР.
Дата издания, распространения и т.д. 1933
461 #0 - УРОВЕНЬ НАБОРА
Встроенное поле 001rc\2947821
-- 2001#$aПриродные газы СССР$eСборник статей$fПод ред. акад. И.М. Губкина, акад. А.Е. Ферсмана и проф. Б.С. Швецова$gКом. по химизации нар. хозяйства СССР при Госплане СССР$vВып. 17
Системный номер (АБИС) связанной записи 6619642
Место публикации [Ленинград]
Дата публикации 1933
Первые сведения об ответственности Под ред. акад. И.М. Губкина, акад. А.Е. Ферсмана и проф. Б.С. Швецова
Имя издателя, распространителя и т.д. Госхимтехиздат Ленингр. отд-ние
Сведения, относящиеся к заглавию Сборник статей
Заглавие Природные газы СССР
Номер тома Вып. 17
700 #1 - ИМЯ ЛИЦА - ПЕРВИЧНАЯ ОТВЕТСТВЕННОСТЬ
Начальный элемент ввода Карстенс
Часть имени, кроме начального элемента ввода Э.Э.
801 #0 - ИСТОЧНИК ЗАПИСИ
Страна российская федерация
Организация NLR
Правила каталогизации psbo
801 #1 - ИСТОЧНИК ЗАПИСИ
Страна российская федерация
Организация ELAR
Источник данных rusmarc
852 ## - МЕСТОНАХОЖДЕНИЕ И ШИФР ХРАНЕНИЯ
Идентификатор организации NLR
Шифр хранения (Call Number) 33-19/341
942 ## - ДОПОЛНИТЕЛЬНЫЕ ЭЛЕМЕНТЫ ЗАПИСИ (АБИС)
Тип экземпляра АБИС Неопределено
980 ## - КОЛЛЕКЦИЯ
Название коллекции Национальная библиография

Нет доступных экземпляров.